Normal view
MARC view
- SpaceX (Firm)
Entry Corporate Name
001 - CONTROL NUMBER
- control field: 93678
003 - CONTROL NUMBER IDENTIFIER
- control field: NUST
005 - DATE AND TIME OF LATEST TRANSACTION
- control field: 20220719100800.0
008 - FIXED-LENGTH DATA ELEMENTS
- fixed length control field: 220719|| aca||aabn | a|a d
040 ## - CATALOGING SOURCE
- Original cataloging agency: NUST
- Transcribing agency: NUST
110 ## - HEADING--CORPORATE NAME
- Corporate name or jurisdiction name as entry element: SpaceX (Firm)
670 ## - SOURCE DATA FOUND
- Source citation: Work cat.: (NUST)0: Davenport, Christian, author. 93674, The space barons :
